| 000 | 00732nam a2200181 a 4500 | ||
|---|---|---|---|
| 001 | 000025021 | ||
| 005 | 20200930023519.0 | ||
| 008 | 110209s2007 dr ac 000 0 spa d | ||
| 020 | _a9780979226403 | ||
| 040 |
_aDO-SdBNP _bspa _cBNPHU |
||
| 082 |
_axxx _bB726p |
||
| 100 | 1 |
_aBorbón Parma, Edita de _951353 |
|
| 245 | 1 | 0 |
_aPresidente Don Horacio Vásquez Lajara y Doña Trina Moya de Vásquez : _bla verdad sobre su descendencia vinculada a la familia real española desde los tiempos coloniales y víctimas de la dictadura de Trujillo / _cEdita de Borbón Parma. |
| 260 |
_a[Santo Domingo] : _bRazón Real, limited, _c2007. |
||
| 300 |
_av. : _bil., retr. ; _c29 cm. |
||
| 500 | _aLa biblioteca posee el volumen I | ||
| 049 | _aBNPD | ||
| 999 |
_c24514 _d24514 |
||